Name one city that... #2 - Statistics

General Stats
  • This quiz has been taken 179 times
    161 since last reset
  • The average score is 13 of 17
Answer Stats
Name one city that... City % Correct
Is one of the 4 'great ancient capitals of China' Beijing | Luoyang | Nanjing | Xi'an
98%
Is located in Africa and is one of the 100 most visited cities in the world (in 2019, according to Euromonitor) Cairo | Hurghada | Johannesburg | Marrakesh
96%
Has at least 100 skyscrapers and is not in Asia Chicago | New York City
96%
Had over 1 million people on its urban area in the year 1850 Beijing | Paris | London
95%
Is the biggest coastal city in one of the 3 Baltic States Klaipéda | Riga | Tallinn
92%
Has over a million people and is a stop of the Trans-Siberian railway Krasnoyarsk | Moscow | Novosibirsk | Omsk | Perm | Yekaterinburg
89%
Is one of the 5 largest world cities ending in '-burg' (Variations of it are not counted) Gothenburg | Hamburg | Johannesburg | Saint Petersburg | Yekaterinburg
87%
Which is a capital city and borders a different country Bangui | Bratislava | Brazzaville | Kinshasa | Lomé | Maseru | Monaco | Rome | Vatican City | Vientiane
83%
Is outside of Europe but has hosted the Eurovision Song Contest Jerusalem | Tel Aviv | Baku
83%
Was where the main treaty that ended either of the World Wars was signed Paris | Versailles
78%
Has over 100 000 people and starts with 'Aa' Aachen | Aalborg | Aarhus
74%
Is in a Spanish-speaking country or territory and has at least one unsuccesful Summer Olympics bid Buenos Aires | Havana | Madrid | San Juan | Seville
71%
Was a European capital city in 1914, but it isn't a capital now (Cities that simply have a different name today don't count) Saint Petersburg | Cetinje | Constantinople
60%
Has been nicknamed 'Paris of the South' at some point Ashville | Barcelona | Buenos Aires | Hong Kong | Melbourne | Canberra | Nice | New Orleans
57%
Is the capital city of one of France's overseas departments Basse-Terre | Cayenne | Fort-de-France | Mamoudzou | Saint-Denis
51%
Is a Canadian city with a colour in its name Greenwood | Red Deer | Whitehorse | Yellowknife
46%
Was designated as a city of Music by UNESCO before the year 2010 Bologna | Ghent | Glasgow | Seville
15%
No matching quizzes found
Score Distribution
Percent of People with Each Score
Percentile by Number Answered
Your Score History
You have not taken this quiz since the last reset